00423nam a22001337a 4500003000500000038001800005082000800023100002800031245007700059264003500136650002900171700003200200856005700232NUST aNusrat Nadeem a200 aMuhammad Mobassar Khan, aThe Clickbait Challenge: A Detection Solution/cKhan, Muhammad Mobassar  aIslamabad:bSEECS NUST.c2025. aMS-Information Security  aSupervisor: Dr. Hasan Tahir uhttp://10.250.8.41:8080/xmlui/handle/123456789/54993